000 01640cam a2200301 4500500
005 20251228062620.0
041 _afre
042 _adc
100 1 0 _aLepage, Philippe
_eauthor
700 1 0 _aSchäfer, Philippe
_eauthor
245 0 0 _aL’intelligence économique et le développement durable ne sont pas sur les mêmes paradigmes
260 _c2017.
500 _a66
520 _aLes rapports entre intelligence économique et développement durable peuvent s’agréger autour d’une dimension politique. Le rapprochement de ces deux concepts dessine les contours d’une entreprise citoyenne, consciente de ses impacts, contributrice d’initiatives sociétales et inscrite dans une logique de territoire à la fois locale et mondiale.
520 _aThe relationship between Competitive Intelligence and Sustainable Development can be based on a political dimension. The combination of these two concepts draws the contours of a Corporate Citizen, conscious of its impacts, contributing to societal initiatives and inscribed in a logic of territory both local and global.
690 _aDéveloppement durable
690 _aIntelligence économique
690 _aPolitique
690 _aStratégie
690 _aTerritoire
690 _aCompetitive Intelligence
690 _aPolitics
690 _aStrategy
690 _aSustainable Development
690 _aTerritory
786 0 _nRevue internationale d'intelligence économique | 9 | 1 | 2017-01-01 | p. 15-20 | 2101-647X
856 4 1 _uhttps://shs.cairn.info/revue-internationale-d-intelligence-economique-2017-1-page-15?lang=fr&redirect-ssocas=7080
999 _c1588693
_d1588693